00863nam a22000737a 4500008004100000245001600041300001600057653071600073190410| ||| | ||||||0| ||spa d aHueso Coxal eHueso Coxal aHueso par,plano y ancho cuyas partes estan torsionadas sobre su eje, adoptando aspecto de aspas de molino de viento o hélice.aAcetábulo:segmento medio, grueso y estrecho excavado en la parte lateral por una cavidad articular.aIlion:segmento superior, aplanado y muy anchoaPubis:forma parte de la mitad anterior del marco óseo del orificio o agujero obturador del segmento inferioraIsquion:forma parte de la mitad posterior del marco óseo del orificio o agujero obturador del segmento inferioraAgujero obturado: amplio orificio del segmento inferior.aArticula posteromedialmente con el sacro, adelante y en línea mediana con su homólogo contralateral, abajo y en sentido lateral, con el fémur